000 00548nam a2200217Ia 4500
003 OSt
005 20220923230826.0
006 a|||||r|||| 00| 0
007 ta
008 Pun
024 _a305,906
037 _cTextual
040 _aARTS
_cARTS
_bPun
041 _2Pun
_aPun
082 _aQ1, 153K6
100 _aਤਾਂਘ, ਈFਰ ਸਿੰਘ
245 0 _aਚਾਰੇ ਵੇਦ ਹੋਏ ਸਚਿਆਰ
260 _c1966
942 _hQ1, 153K6
_cTEXL
_2CC
999 _c387693
_d387693